[Event "Challenge"]
[Site "http://www.queenalice.com/game.php?id=832984"]
[Date "2010.9.14"]
[Round "-"]
[White "vega"]
[Black "takebora"]
[Result "1-0"]
[WhiteElo "1248"]
[BlackElo "855"]

1. e3 d5 2. Nc3 c6 3. Qf3 e6 4. Na4 b5 5. Nc3 Nf6 6. d3 g6 7. g4 Nfd7 8. h4 Ne5
9. Qf4 Ned7 10. Qd4 Rg8 11. Qf4 Na6 12. d4 Nb6 13. b3 c5 14. dxc5 Nd7 15. c6 Nb6
16. a4 Bd7 17. cxd7+ Nxd7 18. Nxb5 e5 19. Qf3 e4 20. Qf4 Qa5+ 21. Bd2 Qb6 22. a5
Qf6 23. Qxf6 Nxf6 24. Be2 Rc8 25. Kd1 Nd7 26. Nxa7 Rc7 27. Nb5 Rc6 28. Nh3 f6
29. g5 Be7 30. Nd4 Kf7 31. Nxc6 Rc8 32. Na7 fxg5 33. Nxc8 Bc5 34. Bxa6 Kf6 35.
Nxg5 Nb8 36. Bb7 h6 37. Bc3+ d4 38. exd4 Bd6 39. d5+ Be5 40. Bxe5+ Kxe5 41. d6
hxg5 42. a6 Nxa6 43. Bxa6 Ke6 44. hxg5 Kd7 45. Rh7+ Ke6 46. Ra5 1-0

[Event "Vai encarar? III"]
[Site "http://www.queenalice.com/game.php?id=834692"]
[Date "2010.9.18"]
[Round "-"]
[White "vega"]
[Black "toniteacher"]
[Result "1-0"]
[WhiteElo "1206"]
[BlackElo "1641"]

1. e3 d5 2. Nc3 e5 3. a3 Nf6 4. Nb5 Nc6 5. d3 Bg4 6. f3 Bf5 7. g4 Bg6 8. h4 h5
9. g5 Nd7 10. Ne2 Qe7 11. Nxc7+ Kd8 12. Nxa8 d4 13. e4 Qe6 14. c4 Bc5 15. Bd2
Re8 16. b4 Be7 17. Qb1 f6 18. b5 Ncb8 19. Qb3 f5 20. Bh3 Qd6 21. exf5 1-0

[Event "AUTO-OPEN-2108"]
[Site "http://www.queenalice.com/game.php?id=835391"]
[Date "2010.9.20"]
[Round "1"]
[White "MarceloPadre"]
[Black "vega"]
[Result "1-0"]
[WhiteElo "2037"]
[BlackElo "1248"]

1. f4 e6 2. Nf3 f6 3. e4 Nc6 4. d4 Nh6 5. Bb5 Ng4 6. O-O f5 7. e5 a6 8. Bd3 Qe7
9. c4 Qf7 10. Nc3 Qg6 11. h3 Nf6 12. exf6 gxf6 13. d5 Rg8 14. Qe2 Nb4 15. Bb1
Bc5+ 16. Kh1 b5 17. cxb5 h6 18. dxe6 dxe6 19. g4 Bb7 20. Qxe6+ Kf8 21. Bxf5 Qg7
22. Be3 Bc8 23. Bxc5+ Qe7 24. Qxe7# 1-0

[Event "AUTO-OPEN-2108"]
[Site "http://www.queenalice.com/game.php?id=835392"]
[Date "2010.9.20"]
[Round "1"]
[White "vega"]
[Black "MarceloPadre"]
[Result "0-1"]
[WhiteElo "1248"]
[BlackElo "2021"]

1. e4 c6 2. Qf3 e5 3. c3 Nf6 4. d4 d6 5. h3 Be7 6. g4 h6 7. g5 hxg5 8. Bxg5 exd4
9. Bxf6 Bxf6 10. Bc4 dxc3 11. bxc3 O-O 12. Ne2 Nd7 13. Qg2 Ne5 14. Bb3 Qa5 15.
Rg1 Be6 16. Bxe6 fxe6 17. h4 Rf7 18. Qg3 Bxh4 19. Qg2 Nf3+ 20. Kf1 Qa4 21. Qxf3
Rxf3 22. Nd2 Rxf2+ 23. Ke1 Rf3+ 24. Ng3 Rxg3 25. Rh1 Rg2+ 26. Kf1 Rxd2 27. Rxh4
Qc4+ 28. Kg1 Qe2 29. Rf1 Qg2# 0-1

[Event "AUTO-OPEN-2108"]
[Site "http://www.queenalice.com/game.php?id=835419"]
[Date "2010.9.20"]
[Round "1"]
[White "Korchnoico"]
[Black "vega"]
[Result "0-1"]
[WhiteElo "1831"]
[BlackElo "1248"]

1. c4 e5 2. d3 f6 3. e4 g5 4. Qh5+ Ke7 5. Nc3 c6 6. Qe2 h5 7. h4 Ke8 8. hxg5
fxg5 9. Rxh5 Qf6 10. Rxh8 Qxh8 11. Bxg5 Be7 12. Bxe7 Nxe7 13. Qe3 d6 14. f4 Bg4
15. Be2 Qh4+ 16. Kd2 c5 17. Bxg4 Qxg4 18. Qf3 Qxf3 19. Nxf3 exf4 20. Rh1 Ng6 21.
Rg1 Nd7 22. d4 Rd8 23. g3 Ke7 24. gxf4 Nxf4 25. Rg7+ Kf6 26. Rg5 cxd4 27. Nxd4
Kxg5 28. Ke3 Re8 29. Nf3+ Kg4 30. Nb5 Nc5 31. Nd2 Ng2+ 32. Kd4 Kf4 33. Nxd6 Ne6+
34. Kd5 Ne3# 0-1

[Event "AUTO-OPEN-2108"]
[Site "http://www.queenalice.com/game.php?id=835420"]
[Date "2010.9.20"]
[Round "1"]
[White "vega"]
[Black "Korchnoico"]
[Result "0-1"]
[WhiteElo "1249"]
[BlackElo "1645"]

1. e3 e5 2. Qf3 d6 3. c4 Qf6 4. Nc3 Qd8 5. c5 dxc5 6. Bc4 f6 7. g4 a6 8. g5 Nc6
9. gxf6 Nxf6 10. h3 Nb4 11. Kd1 Rb8 12. a3 b5 13. axb4 cxb4 14. Ne4 bxc4 15. h4
Bb7 16. Nxf6+ Qxf6 17. Qxf6 gxf6 18. Rh3 Bc8 19. Rg3 Kf7 20. Ke1 Rg8 21. Nf3
Rxg3 22. fxg3 Bb7 23. Nh2 Bg7 24. Ra4 Bc8 25. Kd1 Bf8 26. g4 Kg6 27. Kc2 f5 28.
g5 h6 29. d3 hxg5 30. hxg5 Kxg5 31. e4+ f4 32. dxc4 Kh4 33. Bd2 Kg3 34. Nf1+ Kf2
35. Ra1 Bh3 36. Nh2 Bg2 37. Ng4+ Kg3 38. Nf6 f3 39. Be3 f2 40. Bxf2+ Kxf2 41.
Nd7 Bxe4+ 42. Kb3 Rd8 43. Nf6 Bc6 44. Rxa6 Bb7 45. Re6 e4 46. Nxe4+ Bxe4 47.
Rxe4 c5 48. Ka4 Ra8+ 49. Kb3 Kf3 50. Re6 Kf4 51. Kc2 Rd8 52. Kb3 Rd3+ 53. Kc2
Rd8 54. Kb3 Kf5 55. Re3 Kf4 56. Re6 Rc8 57. Re2 Kf3 58. Re6 Bg7 59. Re7 Bd4 60.
Re6 Rh8 61. Re7 Rh2 62. Rf7+ Ke3 63. Re7+ Kd3 64. Ka4 Rxb2 65. Kb5 b3 66. Rc7
Rc2 67. Rxc5 Bxc5 68. Kxc5 Rxc4+ 69. Kb5 b2 0-1

[Event "AUTO-OPEN-2108"]
[Site "http://www.queenalice.com/game.php?id=835439"]
[Date "2010.9.20"]
[Round "1"]
[White "vega"]
[Black "mouderjr"]
[Result "0-1"]
[WhiteElo "1226"]
[BlackElo "2008"]

1. e4 d6 2. Qf3 Nf6 3. g4 Bxg4 4. Qb3 Bc8 5. d3 e5 6. Be2 Nbd7 7. Qb4 d5 8. Qd2
dxe4 9. Qe3 Bc5 10. Qg3 g6 11. h4 h5 12. c3 c6 13. b4 Bd6 14. d4 Qc7 15. Ba3
exd4 16. Qg2 d3 17. Bd1 Ne5 18. Nd2 Bf5 19. f3 e3 20. f4 exd2+ 21. Kxd2 Nc4+ 22.
Kc1 Bxf4+ 23. Kb1 d2+ 24. Bc2 Bxc2+ 25. Kxc2 Ne3+ 26. Kxd2 Nxg2+ 27. Ke2 Qe5+
28. Kf2 Nxh4 29. Re1 Bg3+ 30. Kf1 Qxe1# 0-1

[Event "AUTO-OPEN-2108"]
[Site "http://www.queenalice.com/game.php?id=835440"]
[Date "2010.9.20"]
[Round "1"]
[White "mouderjr"]
[Black "vega"]
[Result "1-0"]
[WhiteElo "2048"]
[BlackElo "1248"]

1. b4 d5 2. Bb2 e6 3. e3 Nc6 4. a3 f6 5. Bb5 a6 6. Bxc6+ bxc6 7. Nf3 Bd6 8. Nd4
Qd7 9. Qh5+ g6 10. Qf3 e5 11. Nb3 Be7 12. d3 Nh6 13. N1d2 Qd6 14. O-O g5 15.
Qh5+ Nf7 16. c4 Qe6 17. Rac1 Qd6 18. c5 Qe6 19. Rfe1 Qf5 20. e4 Qg6 21. Qf3 h5
22. exd5 Bg4 23. Qe3 h4 24. h3 Bf5 25. Nd4 Nd8 26. Nxc6 Nxc6 27. dxc6 Bxd3 28.
Nb3 Rg8 29. Nd4 O-O-O 30. Ne6 Rd5 31. Qf3 e4 32. Qd1 f5 33. Nd4 Bf6 34. Qb3 Qf7
35. Nc2 Rgd8 36. Ne3 Bxb2 37. Nxd5 Qxd5 38. Qxb2 g4 39. hxg4 h3 40. Qg7 e3 41.
f3 Rg8 42. Qd7+ Qxd7 43. cxd7+ Kxd7 44. Rcd1 Kc6 45. Rxd3 fxg4 46. Rexe3 Kb5 47.
fxg4 Rxg4 48. Rxh3 c6 49. Rh8 Re4 50. Rc3 Re1+ 51. Kh2 Rb1 52. Rb8+ Ka4 53. Rb6
Rb3 54. Rxb3 Kxb3 55. Rxa6 Kc4 56. Rxc6 Kb5 57. Rf6 Ka4 58. c6 Kxa3 59. c7 Kb3
60. c8=Q Ka4 61. b5 Ka5 62. b6 Kb5 63. b7 Kb4 64. b8=Q+ Ka5 65. Qa6# 1-0

[Event "Vamo otra? "]
[Site "http://www.queenalice.com/game.php?id=838021"]
[Date "2010.9.26"]
[Round "-"]
[White "toniteacher"]
[Black "vega"]
[Result "1-0"]
[WhiteElo "1681"]
[BlackElo "1248"]

1. Nf3 Nf6 2. Nc3 Nc6 3. e4 e6 4. d4 h6 5. Bd3 d5 6. e5 Nd7 7. O-O Nb6 8. Qe2
Bb4 9. Bd2 Bxc3 10. Bxc3 g5 11. Nd2 h5 12. a4 a5 13. Bb5 g4 14. b4 Nd7 15. Nb3
Nxb4 16. Nxa5 c6 17. Bxb4 Qb6 18. Bc3 cxb5 19. axb5 Rg8 20. Nc4 dxc4 21. Rxa8
Qc7 22. Ba5 b6 23. Bb4 Nf8 24. Rfa1 Kd7 25. R1a7 Bb7 26. Bd6 Bxa8 27. Rxc7+ Kd8
28. c3 h4 29. Qa2 Bd5 30. Qa7 Nd7 31. Rxd7+ Kc8 32. Qc7# 1-0

[Event "Challenge"]
[Site "http://www.queenalice.com/game.php?id=838889"]
[Date "2010.9.27"]
[Round "-"]
[White "vega"]
[Black "griso"]
[Result "1-0"]
[WhiteElo "1249"]
[BlackElo "1220"]

1. e4 e5 2. Qf3 Nf6 3. h4 d6 4. d4 exd4 5. g4 Nxg4 6. e5 dxe5 7. Bg5 Be7 8. Bc4
f6 9. a4 Rf8 10. Bd2 Nc6 11. Bb5 a6 12. Bxc6+ bxc6 13. Qxc6+ Bd7 14. Qe4 f5 15.
Qb7 1-0

[Event "Challenge"]
[Site "http://www.queenalice.com/game.php?id=838892"]
[Date "2010.9.27"]
[Round "-"]
[White "vega"]
[Black "prisci3210teca"]
[Result "1-0"]
[WhiteElo "1326"]
[BlackElo "1076"]

1. e4 e5 2. Qf3 Qf6 3. a4 Qxf3 4. Nxf3 d6 5. b3 Nf6 6. a5 Nxe4 7. Bd3 f5 8. Bxe4
fxe4 9. Ng5 d5 10. d4 exd4 11. Nd2 h6 12. Ne6 Bd6 13. Nxc7+ Bxc7 14. f3 e3 15.
Nf1 Rf8 16. h4 Bf4 17. g3 Bd6 18. f4 Bb4+ 19. Ke2 g6 20. Ra4 Bc3 21. Ba3 Bg4+
22. Kd3 1-0

[Event "Challenge"]
[Site "http://www.queenalice.com/game.php?id=842132"]
[Date "2010.10.5"]
[Round "-"]
[White "vega"]
[Black "toniteacher"]
[Result "0-1"]
[WhiteElo "1248"]
[BlackElo "1679"]

1. e4 Nc6 2. d4 d5 3. Nc3 e6 4. Qf3 Bb4 5. Bb5 Bd7 6. a3 Ba5 7. b4 Nxd4 8. Qd3
Bb6 9. Bxd7+ Qxd7 10. Be3 dxe4 11. a4 exd3 12. cxd3 Nc2+ 13. Ke2 Nxa1 14. Bf4
O-O-O 15. Nb5 Qxd3+ 16. Ke1 Nc2# 0-1

[Event "Challenge"]
[Site "http://www.queenalice.com/game.php?id=843094"]
[Date "2010.10.8"]
[Round "-"]
[White "vega"]
[Black "Arbustov"]
[Result "0-1"]
[WhiteElo "1273"]
[BlackElo "1349"]

1. Na3 e5 2. Nc4 d6 3. d3 Nf6 4. Bg5 Be7 5. c3 Nc6 6. Qa4 Bd7 7. Nf3 a6 8. b4 b5
9. Qb3 bxc4 10. dxc4 O-O 11. Qd1 Ne4 12. Bxe7 Qxe7 13. Rc1 Be6 14. a4 Bxc4 15.
Qc2 f5 16. h4 d5 17. g3 d4 18. cxd4 Qxb4+ 19. Nd2 Nxd4 20. Qxc4+ Qxc4 21. Rxc4
Nxd2 22. Kxd2 Rad8 23. Ke3 Ne6 24. Bh3 g6 25. Rb1 c5 26. a5 Rb8 27. Rd1 Rfd8 28.
Ra1 Rb3+ 29. Rc3 Rxc3# 0-1

[Event "Challenge"]
[Site "http://www.queenalice.com/game.php?id=843354"]
[Date "2010.10.8"]
[Round "-"]
[White "shatranj"]
[Black "vega"]
[Result "1-0"]
[WhiteElo "1294"]
[BlackElo "1267"]

1. e4 Nc6 2. Nf3 d6 3. Nc3 Bg4 4. Bc4 e6 5. O-O Nd4 6. d3 d5 7. exd5 exd5 8.
Bxd5 c6 9. Qe1+ Be7 10. Ne5 cxd5 11. Qd2 f6 12. Nxg4 Rc8 13. Qf4 Qb6 14. Nxd5
Qc5 15. Qe4 h5 16. Be3 Ne2+ 17. Kh1 Qxc2 18. Bh6 gxh6 19. Qg6+ Kd7 20. Qf5+ Ke8
21. Qe6 Rc6 22. Ngxf6+ Nxf6 23. Qxe7# 1-0

[Event "Challenge"]
[Site "http://www.queenalice.com/game.php?id=843451"]
[Date "2010.10.8"]
[Round "-"]
[White "vega"]
[Black "jbugg"]
[Result "1-0"]
[WhiteElo "1249"]
[BlackElo "1269"]

1. Nf3 d5 2. d4 Nc6 3. e3 Nf6 4. Bb5 a6 5. Bxc6+ bxc6 6. b4 Bf5 7. a4 Qb8 8. c3
e6 9. Ba3 Ne4 10. Ne5 Be7 11. g4 Bh4 12. O-O Bg6 13. Qf3 O-O 14. Nd7 Bxf2+ 15.
Kh1 Bh4 16. Nxb8 Raxb8 17. Qf4 Rb7 18. Bc1 c5 19. Nd2 c6 20. Nxe4 dxe4 21. g5
Bf5 22. Qxh4 cxb4 23. Rb1 Rfb8 24. Bd2 b3 25. Rb2 g6 26. Rfb1 a5 27. c4 Ra7 28.
Rxb3 Rxb3 29. Rxb3 h5 30. Qf4 Ra8 31. h4 Kg7 32. Rb7 Rg8 33. Qc7 Kh8 34. Qxf7
Rg7 35. Qxg7# 1-0

[Event "Challenge"]
[Site "http://www.queenalice.com/game.php?id=843454"]
[Date "2010.10.8"]
[Round "-"]
[White "vega"]
[Black "Did60"]
[Result "1-0"]
[WhiteElo "1267"]
[BlackElo "1010"]

1. e4 g6 2. h4 b6 3. Qf3 f5 4. Bc4 Bb7 5. Qf4 Bh6 6. Qe5 Nf6 7. d3 Nc6 8. Qc3
Bxc1 9. e5 Ne4 10. dxe4 d6 11. Bb3 Rf8 12. Nh3 e6 13. O-O Bh6 14. g3 g5 15. Qe3
Ba6 16. Rd1 Nb4 17. hxg5 Bg7 18. Nf4 Qd7 19. a3 Nxc2 20. Bxc2 Bxe5 21. Nd2 Rg8
22. Nf3 O-O-O 23. Bb3 Bxb2 24. Ra2 Bc3 25. Qxc3 e5 26. Ne6 Rde8 27. Rc1 c6 28.
exf5 Rg7 29. Nxg7 Qxg7 30. Qxc6+ Kd8 31. Qa8+ Ke7 32. Rc7+ Kf8 33. Qxa7 Qh8 34.
Rf7+ Kg8 35. Rxh7+ Re6 36. Bxe6+ 1-0

[Event "Challenge"]
[Site "http://www.queenalice.com/game.php?id=843455"]
[Date "2010.10.8"]
[Round "-"]
[White "vega"]
[Black "Emile"]
[Result "1-0"]
[WhiteElo "1317"]
[BlackElo "1204"]

1. h4 e5 2. g3 Qf6 3. f3 Bc5 4. e3 b6 5. c3 Bb7 6. b4 Bd6 7. a3 h5 8. Bc4 e4 9.
Rh3 exf3 10. Kf1 c6 11. d4 f2 12. Nf3 c5 13. Kxf2 Bxf3 14. Qxf3 Qe6 15. Bxe6
dxe6 16. Qxa8 1-0

[Event "OS INCLIVEIS"]
[Site "http://www.queenalice.com/game.php?id=844686"]
[Date "2010.10.12"]
[Round "-"]
[White "adelio"]
[Black "vega"]
[Result "0-1"]
[WhiteElo "1679"]
[BlackElo "1275"]

1. d4 d5 2. b4 e6 3. b5 Qf6 4. Bb2 h5 5. g3 c5 6. Bg2 c4 7. a4 Nh6 8. Nd2 Nf5 9.
Ngf3 a6 10. Ne5 c3 11. Bxc3 Nd7 12. e4 Nd6 13. O-O dxe4 14. Nxe4 Qf5 15. Nxd6+
Bxd6 16. Nxd7 Kxd7 17. f4 axb5 18. Rb1 bxa4 19. Bxb7 Ra7 20. Bxc8+ Kxc8 21. Qe2
Kd7 22. Rb5 Qf6 23. f5 a3 24. fxe6+ Qxe6 25. Qxe6+ Kxe6 26. d5+ Ke7 27. Bxg7 Rh7
28. Bf6+ Kd7 29. Rb3 Rh6 30. Rbf3 Ra6 31. Bg5 Rg6 32. Rxf7+ Ke8 33. h4 a2 34.
Rh7 a1=Q 35. Rxa1 Rxa1+ 36. Kg2 Rg8 37. Rxh5 Kf7 38. Rh6 Ra6 39. Rf6+ Kg7 40. h5
Kh7 41. Rh6+ Kg7 42. Rf6 Re8 43. h6+ Kg8 44. Kh3 Rf8 45. Re6 Rb6 46. c4 Rf3 47.
Rg6+ Kh7 48. Rg7+ Kh8 49. Bh4 Bf8 50. Kg4 Rf1 51. Kh5 Bxg7 52. hxg7+ Kxg7 53. c5
Rb5 54. Be7 Kf7 55. Bd6 Rd1 56. c6 Rbxd5+ 57. Kg4 Rxd6 58. c7 Rc1 59. Kh4 Rxc7
60. g4 Rc4 61. Kg5 Rd5+ 62. Kh4 Rc3 63. g5 Kg6 64. Kg4 Rd4# 0-1

[Event "Challenge"]
[Site "http://www.queenalice.com/game.php?id=850293"]
[Date "2010.10.24"]
[Round "-"]
[White "edemarc"]
[Black "vega"]
[Result "0-1"]
[WhiteElo "1363"]
[BlackElo "1298"]

1. e4 e5 2. Nf3 Qf6 3. Nc3 c6 4. d3 h6 5. g3 d6 6. h3 b5 7. a4 b4 8. Ne2 g5 9.
Neg1 Be7 10. Qd2 a5 11. c3 Na6 12. c4 Nc5 13. Be2 Nb3 14. Qd1 Nxa1 15. b3 c5 16.
Bb2 Nxb3 17. Qxb3 Bd8 18. h4 gxh4 19. Rxh4 Qg6 20. Rh2 Nf6 21. Nh4 Qg8 22. Qd1
Bg4 23. f3 Be6 24. Rh1 Qxg3+ 25. Kd2 Nh5 26. Kc1 Bxh4 27. Kc2 Nf4 28. Qf1 Bg5
29. Kb3 h5 30. Bc1 Ng2 31. Nh3 Bxc1 32. Qxc1 Bxh3 33. Rg1 Qf4 34. Rh1 Qxc1 35.
Rxc1 Ne3 36. Rh1 Bg2 37. Rh4 O-O-O 38. f4 Rdg8 39. f5 Bf1 40. Bxh5 Rg7 41. f6
Rgh7 42. Bxf7 Rxh4 43. Be6+ Kd8 44. Ka2 Bh3 45. Bf7 Rf8 0-1

[Event "OS INCLIVEIS"]
[Site "http://www.queenalice.com/game.php?id=856499"]
[Date "2010.11.8"]
[Round "-"]
[White "adelio"]
[Black "vega"]
[Result "0-1"]
[WhiteElo "1738"]
[BlackElo "1332"]

1. g3 e5 2. b3 Nf6 3. Bb2 d6 4. Bg2 Ng4 5. Nh3 Qf6 6. d3 Nh6 7. Nd2 Bxh3 8. Bxh3
Nc6 9. e3 a5 10. Nf3 Be7 11. O-O O-O 12. Qe2 b6 13. d4 Rfe8 14. Rae1 a4 15. d5
Nb4 16. Nh4 axb3 17. axb3 Ra2 18. Qb5 Rea8 19. Qxb4 Rxb2 20. Qc3 Rba2 21. Qxc7
b5 22. Bd7 Bd8 23. Qc3 Ba5 24. Qc6 Bxe1 25. Rxe1 g5 26. Nf3 Qxf3 27. h3 Ra1 28.
Qc3 Rd1 29. Bxb5 Rxd5 30. Be2 Qf5 31. g4 Qc8 32. Qxc8+ Rxc8 33. Bc4 Rd2 34. Bd3
Kg7 35. Ra1 Ng8 36. Ra6 Re8 37. e4 Rd8 38. Kg2 Ne7 39. Ra7 Ng6 40. Bc4 Nh4+ 41.
Kg3 Rxc2 42. Bxf7 Rc3+ 43. Kh2 Rf8 44. Be6+ Kh6 45. Bf5 Nxf5 46. exf5 Rxb3 47.
Ra6 Rd3 48. Kg2 e4 49. Ra4 Re8 50. Ra7 Rd2 51. f6 Rf8 52. f7 Kg7 53. Ra5 h6 54.
Ra4 d5 55. Ra5 Rxf7 56. Ra1 Rfxf2+ 57. Kg1 Rde2 58. Ra7+ Kf6 59. Ra6+ Kg7 60.
Ra7+ Kg8 61. Ra8+ Kf7 62. Ra7+ Ke6 63. Ra6+ Ke5 64. Rxh6 e3 65. h4 Re1# 0-1

[Event "The crane"]
[Site "http://www.queenalice.com/game.php?id=857772"]
[Date "2010.11.11"]
[Round "-"]
[White "toniteacher"]
[Black "vega"]
[Result "1-0"]
[WhiteElo "1753"]
[BlackElo "1328"]

1. c4 b6 2. e4 Bb7 3. Nc3 Nf6 4. Nf3 d6 5. Be2 Qd7 6. O-O h6 7. d4 g5 8. e5 Ng4
9. exd6 Qxd6 10. g3 Bg7 11. Bd2 O-O 12. Nb5 Qd7 13. Qb3 a6 14. Na3 Nc6 15. Bc3
Nd8 16. Rad1 a5 17. c5 Bd5 18. Qb5 Qxb5 19. Nxb5 Ne6 20. cxb6 cxb6 21. Ne5 Nxe5
22. dxe5 Bxa2 23. Rd7 Rfe8 24. Nd4 Nf8 25. Rb7 Bxe5 26. Rxb6 Bc7 27. Rxh6 e5 28.
Nb5 Bb8 29. h4 gxh4 30. Rxh4 Ng6 31. Rh6 Kg7 32. Bd2 Rd8 33. Be3 Ne7 34. Nc3 Nf5
35. Rh5 Be6 36. Rg5+ Kf6 37. Ne4+ Ke7 38. Bc5+ Bd6 39. Nxd6 Nxd6 40. Rxe5 Kf6
41. f4 Ne4 42. Rxe4 Kf5 43. Re5+ Kf6 44. g4 Rd2 45. g5+ Kg7 46. f5 f6 47. Rxe6
Rc8 48. gxf6+ Kf7 49. Bh5+ Kg8 50. f7+ Kg7 51. Be3 Rd7 52. f6+ Kh7 53. Re7 Rdd8
54. f8=Q# 1-0